banner-ar

مدخل علاجى جديد لانحراف الاحداث العلاج الاسلامى ودور الخدمة الاجتماعية فيه / (Record no. 32545)

MARC details
000 -الفاتح
حقل البيانات ثابتة الطول 00879nam a2200253Ia 4500
005 - وقت وتاريخ اخر تعامل مع التسجيلة
رقم الضبط 20240530102458.0
008 - عناصر البيانات ثابتة الطول - معلومات عامة
حقل البيانات ثابتة الطول 140319s9999 xx 000 0 ara d
040 ## - مصدر الفهرسة
وكالة الفهرسة الأصلية GCL /
وكالة النسخ GCL
082 04 - رقم تصنيف ديوى العشرى
رقم التصنيف 362.74
رقم المادة م م
100 0# - المدخل الرئيسى - إسم شخصى
الإسم الشخصى محمد سلامة محمد غبارى
245 10 - بيان العنوان
العنوان مدخل علاجى جديد لانحراف الاحداث العلاج الاسلامى ودور الخدمة الاجتماعية فيه /
بيان المسئوليه,etc محمد سلامة محمد غبارى
260 ## - PUBLICATION, DISTRIBUTION, ETC. (IMPRINT)
تاريخ النشر أو التوزيع 1989
300 ## - الوصف المادى
التعداد 379 ص
650 04 - المدخل الاضافى بالموضوع-مصطلح موضوعى
مصطلح موضوعي البيئة
650 04 - المدخل الاضافى بالموضوع-مصطلح موضوعى
مصطلح موضوعي الاسلام
650 04 - المدخل الاضافى بالموضوع-مصطلح موضوعى
مصطلح موضوعي الخدمة الاجتماعية
650 04 - المدخل الاضافى بالموضوع-مصطلح موضوعى
مصطلح موضوعي الاخلاق
650 04 - المدخل الاضافى بالموضوع-مصطلح موضوعى
مصطلح موضوعي الاجتماع
650 04 - المدخل الاضافى بالموضوع-مصطلح موضوعى
مصطلح موضوعي العلاج النفسى
650 04 - المدخل الاضافى بالموضوع-مصطلح موضوعى
مصطلح موضوعي جناح الاحداث
650 04 - المدخل الاضافى بالموضوع-مصطلح موضوعى
مصطلح موضوعي الانحراف
942 ## - عناصر المدخل الإضافي( كوها)
مصدر التصنيف او مخطط الترفيف Dewey Decimal Classification
Koha [default] item type كتاب
260 ## - PUBLICATION, DISTRIBUTION, ETC. (IMPRINT)
-- [S.N] :
-- المكتب الجامعى الحديث ،
Holdings
حالة التراجع حالة الفقد حالة تلف ليس للاعارة المكان المؤقت الموقع الحالى تاريخ الاكتساب اجمالي اﻻعارات رقم الطلب الباركود تاريخ اخر مشاهدة تاريخ تفعيل السعر نوع وعاء كوها
        مكتبة القاهرة الكبرى مكتبة القاهرة الكبرى 03/26/2014   362.74\م م 76631 03/26/2014 03/26/2014 كتاب

Powered By

EGPV